[Event "DVM U12 2022"]
[Site "München GER"]
[Date "2022.12.28"]
[Round "4"]
[White "Zielke, Constantin"]
[Black "Ramming, Moritz"]
[Result "0-1"]
[Termination "normal"]
[Board "7.1"]
[WhiteElo "1342"]
[BlackElo "1634"]
[WhiteClock "00:43:38"]
[BlackClock "01:19:53"]
[WhiteTeam "SG Turm Leipzig"]
[BlackTeam "SK Kelheim 1920"]
[PlyCount "102"]
[WhiteFideId "34640576"]
[BlackFideId "34618198"]
[EventCountry "GER"]
[EventRounds "7"]
[EventType "team-swiss"]
[EventDate "2022.12.26"]

1. e4 {[%clk 01:30:58]} {[%emt 00:00:01]} e6 {[%clk 01:30:54]} {[%emt
00:00:06]} 2. d4 {[%clk 01:31:25]} {[%emt 00:00:04]} d5 {[%clk 01:31:20]}
{[%emt 00:00:04]} 3. e5 {[%clk 01:31:48]} {[%emt 00:00:06]} c5 {[%clk
01:31:46]} {[%emt 00:00:04]} 4. c3 {[%clk 01:32:09]} {[%emt 00:00:10]} Nc6
{[%clk 01:32:10]} {[%emt 00:00:05]} 5. Nf3 {[%clk 01:32:25]} Qb6 {[%clk
01:32:35]} {[%emt 00:00:20]} 6. a3 {[%clk 01:32:37]} c4 {[%clk 01:32:35]} 7.
Nbd2 {[%clk 01:32:37]} Na5 {[%clk 01:33:00]} {[%emt 00:01:49]} 8. Be2 {[%clk
01:28:11]} Bd7 {[%clk 01:32:59]} {[%emt 00:05:01]} 9. O-O {[%clk 01:27:20]} Ne7
{[%clk 01:32:51]} {[%emt 00:01:57]} 10. Rb1 {[%clk 01:25:41]} Nb3 {[%clk
01:29:11]} {[%emt 00:06:20]} 11. Nxb3 {[%clk 01:24:02]} cxb3 {[%clk 01:27:56]}
{[%emt 00:03:54]} 12. Be3 {[%clk 01:22:33]} {[%emt 00:01:59]} Nf5 {[%clk
01:27:55]} {[%emt 00:00:31]} 13. Rc1 {[%clk 01:21:59]} {[%emt 00:01:05]} Rc8
{[%clk 01:26:46]} {[%emt 00:01:39]} 14. Nd2 {[%clk 01:16:32]} {[%emt 00:05:56]}
Be7 {[%clk 01:25:57]} {[%emt 00:01:18]} 15. Bd3 {[%clk 01:09:47]} {[%emt
00:07:03]} Nxe3 {[%clk 01:25:14]} {[%emt 00:01:26]} 16. fxe3 {[%clk 01:09:47]}
{[%emt 00:00:29]} O-O {[%clk 01:24:58]} {[%emt 00:00:46]} 17. Rf3 {[%clk
01:04:37]} {[%emt 00:48:51]} Bb5 {[%clk 01:24:27]} 18. Bxh7 Kxh7 {[%clk
01:21:54]} 19. Rh3 {[%clk 01:04:05]} Kg8 {[%clk 01:21:57]} 20. Qh5 {[%clk
01:04:28]} f6 {[%clk 01:22:12]} 21. Qh7 {[%clk 01:02:15]} Kf7 {[%clk 01:22:07]}
22. Rg3 {[%clk 01:01:44]} Rg8 {[%clk 01:22:12]} 23. exf6 {[%clk 00:56:29]} Bxf6
{[%clk 01:21:52]} 24. Rf3 {[%clk 00:56:16]} Rh8 {[%clk 01:21:52]} 25. Qb1
{[%clk 00:55:35]} Qd6 {[%clk 01:21:54]} 26. h3 {[%clk 00:53:32]} g5 {[%clk
01:19:36]} 27. Nf1 {[%clk 00:52:04]} g4 28. hxg4 {[%clk 00:51:48]} Ke7 {[%clk
01:18:41]} 29. Qg6 {[%clk 00:49:52]} Rhf8 {[%clk 01:18:23]} 30. Rh3 {[%clk
00:47:36]} Rg8 {[%clk 01:17:40]} 31. Rh7 {[%clk 00:47:19]} Bg7 {[%clk
01:15:26]} 32. Rxg7 Rxg7 {[%clk 01:15:40]} 33. Qxg7 {[%clk 00:47:44]} Kd8 34.
Qg5 {[%clk 00:47:14]} {[%emt 00:00:10]} Kd7 {[%clk 01:16:07]} {[%emt 00:00:24]}
35. Qg7 {[%clk 00:47:22]} {[%emt 00:00:10]} Kc6 {[%clk 01:16:25]} {[%emt
00:00:23]} 36. Qe5 {[%clk 00:44:58]} {[%emt 00:02:53]} Qxe5 {[%clk 01:16:10]}
{[%emt 00:00:45]} 37. dxe5 {[%clk 00:45:21]} {[%emt 00:00:08]} Be2 {[%clk
01:16:07]} {[%emt 00:00:33]} 38. Nh2 {[%clk 00:44:53]} {[%emt 00:00:58]} Rg8
{[%clk 01:16:23]} {[%emt 00:00:14]} 39. Kf2 {[%clk 00:44:54]} {[%emt 00:00:29]}
Bxg4 {[%clk 01:16:38]} {[%emt 00:00:15]} 40. Nxg4 {[%clk 00:44:55]} {[%emt
00:00:29]} Rxg4 {[%clk 01:17:01]} {[%emt 00:00:07]} 41. Kf3 {[%clk 00:45:20]}
{[%emt 00:00:05]} Re4 {[%clk 01:17:18]} {[%emt 00:00:12]} 42. c4 {[%clk
00:44:31]} {[%emt 00:01:20]} Rxc4 {[%clk 01:17:33]} {[%emt 00:00:15]} 43. Rxc4
{[%clk 00:44:56]} {[%emt 00:00:05]} dxc4 {[%clk 01:17:56]} {[%emt 00:00:07]}
44. Ke2 {[%clk 00:44:05]} {[%emt 00:01:20]} Kd5 {[%clk 01:18:07]} {[%emt
00:00:20]} 45. Kd2 {[%clk 00:44:19]} {[%emt 00:00:16]} b5 {[%clk 01:18:20]}
{[%emt 00:00:17]} 46. Kc3 {[%clk 00:43:57]} {[%emt 00:00:52]} a5 {[%clk
01:18:39]} {[%emt 00:00:12]} 47. g4 {[%clk 00:43:29]} {[%emt 00:00:57]} a4
{[%clk 01:18:33]} {[%emt 00:00:37]} 48. g5 {[%clk 00:43:43]} {[%emt 00:00:16]}
Kxe5 {[%clk 01:18:55]} {[%emt 00:00:08]} 49. g6 {[%clk 00:43:56]} {[%emt
00:00:16]} Kf6 {[%clk 01:19:19]} {[%emt 00:00:07]} 50. Kb4 {[%clk 00:43:58]}
{[%emt 00:00:28]} Kxg6 {[%clk 01:19:39]} {[%emt 00:00:09]} 51. Kxb5 {[%clk
00:43:38]} {[%emt 00:00:51]} c3 {[%clk 01:19:53]} {[%emt 00:00:16]} 0-1

[Event "DVM U12 2022"]
[Site "München GER"]
[Date "2022.12.28"]
[Round "4"]
[White "Neumeier, Valentina"]
[Black "Rössler, Leo"]
[Result "1-0"]
[Termination "normal"]
[Board "7.2"]
[WhiteElo "1464"]
[BlackElo "1373"]
[WhiteClock "01:07:31"]
[BlackClock "00:53:10"]
[WhiteTeam "SK Kelheim 1920"]
[BlackTeam "SG Turm Leipzig"]
[PlyCount "55"]
[WhiteFideId "34608222"]
[BlackFideId "34640525"]
[EventCountry "GER"]
[EventRounds "7"]
[EventType "team-swiss"]
[EventDate "2022.12.26"]

1. e4 {[%clk 01:30:56]} {[%emt 00:00:04]} d6 {[%clk 01:30:19]} {[%emt
00:00:41]} 2. d4 {[%clk 01:31:21]} {[%emt 00:00:06]} g6 {[%clk 01:30:27]}
{[%emt 00:00:22]} 3. Nc3 {[%clk 01:31:38]} {[%emt 00:00:13]} Bg7 {[%clk
01:30:21]} {[%emt 00:00:36]} 4. Be3 {[%clk 01:31:56]} {[%emt 00:00:12]} Nf6
{[%clk 01:30:24]} {[%emt 00:00:26]} 5. Qd2 {[%clk 01:32:01]} {[%emt 00:00:25]}
O-O {[%clk 01:30:08]} {[%emt 00:00:46]} 6. O-O-O {[%clk 01:30:59]} {[%emt
00:01:31]} c6 {[%clk 01:29:06]} {[%emt 00:01:31]} 7. Bh6 {[%clk 01:30:43]}
{[%emt 00:00:48]} b5 {[%clk 01:27:44]} {[%emt 00:01:52]} 8. Bxg7 {[%clk
01:29:45]} {[%emt 00:01:28]} Kxg7 {[%clk 01:27:35]} {[%emt 00:00:39]} 9. h4
{[%clk 01:29:12]} {[%emt 00:01:03]} b4 {[%clk 01:27:02]} {[%emt 00:01:03]} 10.
Nce2 {[%clk 01:22:57]} {[%emt 00:06:45]} Nxe4 {[%clk 01:26:50]} {[%emt
00:00:40]} 11. Qf4 {[%clk 01:22:55]} {[%emt 00:00:21]} d5 {[%clk 01:24:21]}
{[%emt 00:03:12]} 12. h5 {[%clk 01:21:00]} {[%emt 00:02:25]} g5 {[%clk
01:22:50]} {[%emt 00:02:01]} 13. Qe3 {[%clk 01:20:57]} {[%emt 00:00:24]} f6
{[%clk 01:21:33]} {[%emt 00:01:56]} 14. Ng3 {[%clk 01:19:41]} {[%emt 00:01:46]}
Nxg3 {[%clk 01:17:12]} {[%emt 00:04:51]} 15. Qxg3 {[%clk 01:19:56]} {[%emt
00:00:16]} Qa5 {[%clk 01:16:18]} {[%emt 00:01:23]} 16. Kb1 {[%clk 01:18:59]}
{[%emt 00:01:26]} Bf5 {[%clk 01:12:50]} {[%emt 00:49:51]} 17. f4 {[%clk
01:18:38]} Qc7 {[%clk 01:10:59]} 18. Ne2 {[%clk 01:16:31]} g4 {[%clk 01:06:46]}
19. Qe3 {[%clk 01:12:03]} h6 {[%clk 01:00:15]} 20. Ng3 {[%clk 01:11:40]} Bh7
{[%clk 01:00:23]} 21. f5 {[%clk 01:11:19]} Rg8 {[%clk 00:55:25]} 22. Re1 {[%clk
01:08:23]} Kh8 {[%clk 00:52:57]} 23. Qxe7 {[%clk 01:05:32]} Qxg3 {[%clk
00:52:23]} 24. Qxf6 {[%clk 01:05:58]} Rg7 {[%clk 00:52:43]} 25. Re8 {[%clk
01:06:22]} Bg8 {[%clk 00:52:52]} 26. Qxh6 {[%clk 01:06:44]} Rh7 {[%clk
00:52:55]} 27. Qf6 {[%clk 01:07:05]} Rg7 {[%clk 00:53:10]} 28. h6 {[%clk
01:07:31]} 1-0

[Event "DVM U12 2022"]
[Site "München GER"]
[Date "2022.12.28"]
[Round "4"]
[White "Sitnik, Arthur"]
[Black "Marenz, Emil Maximilian"]
[Result "1-0"]
[Termination "normal"]
[Board "7.4"]
[WhiteElo "1253"]
[BlackElo "1238"]
[WhiteClock "01:16:20"]
[BlackClock "01:24:02"]
[WhiteTeam "SK Kelheim 1920"]
[BlackTeam "SG Turm Leipzig"]
[PlyCount "45"]
[WhiteFideId "34608150"]
[BlackFideId "34640479"]
[EventCountry "GER"]
[EventRounds "7"]
[EventType "team-swiss"]
[EventDate "2022.12.26"]

1. e4 {[%clk 01:30:59]} {[%emt 00:00:01]} e5 {[%clk 01:30:56]} {[%emt
00:00:04]} 2. Nf3 {[%clk 01:31:24]} {[%emt 00:00:05]} Nc6 {[%clk 01:31:15]}
{[%emt 00:00:11]} 3. Bc4 {[%clk 01:31:40]} {[%emt 00:00:15]} Bc5 {[%clk
01:31:34]} {[%emt 00:00:10]} 4. c3 {[%clk 01:32:05]} {[%emt 00:00:05]} Nf6
{[%clk 01:31:30]} {[%emt 00:00:33]} 5. d3 {[%clk 01:32:29]} {[%emt 00:00:08]}
O-O {[%clk 01:31:48]} {[%emt 00:00:11]} 6. Bg5 {[%clk 01:32:49]} {[%emt
00:00:10]} h6 {[%clk 01:31:52]} {[%emt 00:00:26]} 7. Bh4 {[%clk 01:33:15]}
{[%emt 00:00:04]} d6 {[%clk 01:32:08]} {[%emt 00:00:15]} 8. O-O {[%clk
01:32:54]} {[%emt 00:00:52]} Bg4 {[%clk 01:32:31]} {[%emt 00:00:06]} 9. h3
{[%clk 01:33:17]} {[%emt 00:00:07]} Bh5 {[%clk 01:32:46]} {[%emt 00:00:14]} 10.
Nbd2 {[%clk 01:33:02]} {[%emt 00:00:45]} Qd7 {[%clk 01:32:56]} {[%emt
00:00:21]} 11. Bxf6 {[%clk 01:33:24]} {[%emt 00:00:08]} gxf6 {[%emt 00:00:23]}
12. b4 {[%clk 01:33:35]} {[%emt 00:00:17]} Bb6 {[%clk 01:33:12]} {[%emt
00:00:23]} 13. a4 {[%clk 01:33:30]} {[%emt 00:00:34]} a6 {[%clk 01:33:00]}
{[%emt 00:00:43]} 14. Re1 {[%clk 01:32:37]} {[%emt 00:01:24]} Kh7 {[%clk
01:33:11]} {[%emt 00:00:18]} 15. Nf1 {[%clk 01:32:52]} {[%emt 00:00:15]} Rg8
{[%clk 01:33:04]} {[%emt 00:00:37]} 16. Ng3 {[%clk 01:32:50]} {[%emt 00:00:32]}
Bg6 {[%clk 01:32:48]} {[%emt 00:00:46]} 17. Nh2 {[%clk 01:30:49]} {[%emt
00:02:31]} f5 {[%clk 01:32:27]} {[%emt 00:00:51]} 18. exf5 {[%clk 01:30:11]}
{[%emt 00:01:08]} Bxf5 {[%clk 01:32:37]} {[%emt 00:00:20]} 19. Qf3 {[%clk
01:22:18]} {[%emt 00:08:23]} Be6 {[%clk 01:32:02]} {[%emt 00:01:05]} 20. Ne4
{[%clk 01:18:44]} {[%emt 00:04:03]} Rxg2 {[%clk 01:26:56]} {[%emt 00:05:36]}
21. Qxg2 {[%clk 01:15:39]} {[%emt 00:03:36]} Rg8 {[%clk 01:24:16]} {[%emt
00:03:09]} 22. Nf6 {[%clk 01:16:02]} {[%emt 00:00:07]} Kh8 {[%clk 01:24:02]}
{[%emt 00:00:44]} 23. Qxg8# {[%clk 01:16:20]} {[%emt 00:00:13]} 1-0

[Event "DVM U12 2022"]
[Site "München GER"]
[Date "2022.12.28"]
[Round "4"]
[White "Halich, Jan Finnian"]
[Black "Vinogradov, Ilia"]
[Result "0-1"]
[Termination "normal"]
[Board "8.1"]
[WhiteElo "1182"]
[BlackElo "1358"]
[WhiteClock "01:22:04"]
[BlackClock "01:06:31"]
[WhiteTeam "SV Werder Bremen"]
[BlackTeam "SV 1947 Walldorf"]
[PlyCount "40"]
[WhiteFideId "34623710"]
[BlackFideId "34603166"]
[EventCountry "GER"]
[EventRounds "7"]
[EventType "team-swiss"]
[EventDate "2022.12.26"]

1. e4 {[%clk 01:30:57]} {[%emt 00:00:01]} e5 {[%clk 01:30:54]} {[%emt
00:00:06]} 2. Nf3 {[%clk 01:31:23]} {[%emt 00:00:05]} Nc6 {[%clk 01:31:17]}
{[%emt 00:00:08]} 3. Bb5 {[%clk 01:31:46]} {[%emt 00:00:07]} a6 {[%clk
01:31:30]} {[%emt 00:00:17]} 4. Bxc6 {[%clk 01:32:10]} {[%emt 00:00:06]} dxc6
{[%clk 01:31:50]} {[%emt 00:00:10]} 5. O-O {[%clk 01:32:30]} {[%emt 00:00:10]}
f6 {[%clk 01:31:49]} {[%emt 00:00:31]} 6. h3 {[%clk 01:32:37]} {[%emt
00:00:23]} Bc5 {[%clk 01:31:50]} {[%emt 00:00:29]} 7. Nc3 {[%clk 01:32:39]}
{[%emt 00:00:28]} Ne7 {[%clk 01:31:36]} {[%emt 00:00:43]} 8. d3 {[%clk
01:32:55]} {[%emt 00:00:15]} Be6 {[%clk 01:31:17]} {[%emt 00:00:49]} 9. Re1
{[%clk 01:32:53]} {[%emt 00:00:32]} O-O {[%clk 01:30:30]} {[%emt 00:01:17]} 10.
Be3 {[%clk 01:33:04]} {[%emt 00:00:19]} Bxe3 {[%clk 01:29:38]} {[%emt
00:01:22]} 11. Rxe3 {[%clk 01:33:21]} {[%emt 00:00:13]} Ng6 {[%clk 01:26:35]}
{[%emt 00:03:33]} 12. Ne2 {[%clk 01:32:31]} {[%emt 00:01:20]} f5 {[%clk
01:24:38]} {[%emt 00:02:28]} 13. exf5 {[%clk 01:32:10]} {[%emt 00:00:51]} Rxf5
{[%clk 01:21:36]} {[%emt 00:03:31]} 14. d4 {[%clk 01:31:02]} {[%emt 00:01:39]}
e4 {[%clk 01:15:41]} {[%emt 00:06:25]} 15. Nd2 {[%clk 01:28:45]} {[%emt
00:02:47]} Qd7 {[%clk 01:10:12]} {[%emt 00:05:59]} 16. Nxe4 {[%clk 01:26:11]}
{[%emt 00:03:04]} Rd8 {[%clk 01:07:01]} {[%emt 00:03:41]} 17. Nc5 {[%clk
01:23:30]} {[%emt 00:47:15]} Rxc5 {[%clk 01:06:45]} 18. dxc5 {[%clk 01:21:15]}
Qxd1 {[%clk 01:07:03]} 19. Rxd1 {[%clk 01:21:41]} Rxd1 {[%clk 01:07:25]} 20.
Kh2 {[%clk 01:22:04]} Bd5 {[%clk 01:06:31]} 0-1

[Event "DVM U12 2022"]
[Site "München GER"]
[Date "2022.12.28"]
[Round "4"]
[White "Schirmer, Enias"]
[Black "Haug, Niklas Alexander"]
[Result "1-0"]
[Termination "normal"]
[Board "8.2"]
[WhiteElo "1363"]
[BlackElo "1041"]
[WhiteClock "01:10:15"]
[BlackClock "01:14:03"]
[WhiteTeam "SV 1947 Walldorf"]
[BlackTeam "SV Werder Bremen"]
[PlyCount "89"]
[WhiteFideId "34609806"]
[BlackFideId "34640444"]
[EventCountry "GER"]
[EventRounds "7"]
[EventType "team-swiss"]
[EventDate "2022.12.26"]

1. e4 {[%clk 01:30:58]} e5 {[%clk 01:30:52]} {[%emt 00:00:08]} 2. Nf3 {[%clk
01:31:21]} {[%emt 00:00:07]} Nc6 {[%clk 01:30:25]} {[%emt 00:00:58]} 3. Bc4
{[%clk 01:31:41]} {[%emt 00:00:10]} Bc5 {[%clk 01:30:37]} {[%emt 00:00:17]} 4.
d3 {[%clk 01:31:40]} {[%emt 00:00:32]} Nf6 {[%clk 01:30:44]} {[%emt 00:00:23]}
5. Nc3 {[%clk 01:31:52]} {[%emt 00:00:18]} d6 {[%clk 01:30:34]} {[%emt
00:00:40]} 6. Be3 {[%clk 01:31:33]} {[%emt 00:00:49]} Nd4 {[%clk 01:29:56]}
{[%emt 00:01:07]} 7. Bxd4 {[%clk 01:31:28]} {[%emt 00:00:35]} Bxd4 {[%clk
01:30:04]} {[%emt 00:00:22]} 8. Nxd4 {[%clk 01:31:07]} {[%emt 00:00:52]} exd4
{[%clk 01:30:14]} {[%emt 00:00:19]} 9. Ne2 {[%clk 01:31:16]} {[%emt 00:00:21]}
c5 {[%clk 01:30:06]} {[%emt 00:00:38]} 10. O-O {[%clk 01:31:00]} {[%emt
00:00:47]} O-O {[%clk 01:30:27]} {[%emt 00:00:08]} 11. b4 {[%clk 01:29:21]}
{[%emt 00:02:09]} Re8 {[%clk 01:29:54]} {[%emt 00:01:03]} 12. bxc5 {[%clk
01:28:49]} {[%emt 00:01:03]} dxc5 {[%clk 01:29:54]} {[%emt 00:00:30]} 13. c3
{[%clk 01:28:49]} {[%emt 00:00:31]} Be6 {[%emt 00:03:08]} 14. Qb3 {[%clk
01:26:48]} dxc3 {[%clk 01:27:36]} {[%emt 00:02:39]} 15. Nxc3 {[%clk 01:23:24]}
{[%emt 00:03:56]} Bxc4 {[%clk 01:27:17]} {[%emt 00:00:49]} 16. Qxc4 {[%clk
01:22:52]} {[%emt 00:01:01]} b6 {[%clk 01:27:19]} {[%emt 00:00:29]} 17. Nb5
{[%clk 01:21:06]} {[%emt 00:02:14]} Qd7 {[%clk 01:26:15]} {[%emt 00:01:35]} 18.
Rad1 {[%clk 01:20:31]} {[%emt 00:01:06]} Rec8 {[%clk 01:24:08]} {[%emt
00:02:36]} 19. Rb1 {[%clk 01:16:55]} {[%emt 00:04:06]} Qe6 {[%clk 01:23:55]}
{[%emt 00:00:42]} 20. Qxe6 {[%clk 01:14:57]} {[%emt 00:02:29]} fxe6 {[%clk
01:23:58]} {[%emt 00:00:25]} 21. Rb3 {[%clk 01:14:55]} {[%emt 00:00:31]} e5
{[%clk 01:23:32]} {[%emt 00:00:59]} 22. Ra3 {[%clk 01:14:53]} {[%emt 00:47:28]}
a5 {[%clk 01:22:41]} 23. Rb3 {[%clk 01:14:29]} Rab8 {[%clk 01:20:20]} 24. Nd6
{[%clk 01:14:42]} Rd8 {[%clk 01:19:39]} 25. Nc4 {[%clk 01:14:11]} Nd7 26. Rfb1
{[%clk 01:14:02]} a4 {[%clk 01:17:58]} 27. Rb5 {[%clk 01:13:06]} h6 {[%clk
01:17:16]} 28. Kf1 {[%clk 01:11:31]} Kh8 {[%clk 01:16:09]} 29. Ke2 {[%clk
01:11:10]} Kg8 {[%clk 01:15:55]} 30. Nxb6 {[%clk 01:10:58]} Nf6 {[%clk
01:14:53]} 31. Nxa4 {[%clk 01:10:48]} Ra8 {[%clk 01:14:43]} 32. Nc3 {[%clk
01:09:58]} Nd7 {[%clk 01:14:18]} 33. R1b2 {[%clk 01:09:13]} Rab8 {[%clk
01:13:35]} 34. Rxb8 {[%clk 01:09:15]} Rxb8 {[%clk 01:13:26]} 35. Rxb8 {[%clk
01:09:40]} Nxb8 {[%clk 01:13:42]} 36. Na4 {[%clk 01:09:56]} Nd7 {[%clk
01:13:56]} 37. Kd2 {[%clk 01:10:02]} Kf7 {[%clk 01:14:15]} 38. Kc3 {[%clk
01:09:53]} Ke6 {[%clk 01:14:07]} 39. Kc4 {[%clk 01:09:46]} Kd6 {[%clk
01:14:19]} 40. g3 {[%clk 01:09:45]} g5 {[%clk 01:13:48]} 41. Kb5 {[%clk
01:09:33]} Kc7 {[%clk 01:13:49]} 42. Nxc5 {[%clk 01:09:08]} Nxc5 {[%clk
01:13:51]} 43. Kxc5 {[%clk 01:09:34]} Kb7 {[%clk 01:13:52]} 44. Kd6 {[%clk
01:09:55]} Kb6 {[%clk 01:14:03]} 45. Kxe5 {[%clk 01:10:15]} 1-0

[Event "DVM U12 2022"]
[Site "München GER"]
[Date "2022.12.28"]
[Round "4"]
[White "Jablonski, Ture"]
[Black "Yan, Haichen"]
[Result "0-1"]
[Termination "normal"]
[Board "8.3"]
[WhiteElo "1038"]
[BlackElo "1217"]
[WhiteClock "01:30:28"]
[BlackClock "01:32:25"]
[WhiteTeam "SV Werder Bremen"]
[BlackTeam "SV 1947 Walldorf"]
[PlyCount "106"]
[WhiteFideId "34640452"]
[BlackFideId "34607951"]
[EventCountry "GER"]
[EventRounds "7"]
[EventType "team-swiss"]
[EventDate "2022.12.26"]

1. d4 {[%clk 01:30:55]} {[%emt 00:00:04]} d5 {[%clk 01:30:57]} {[%emt
00:00:04]} 2. Bf4 {[%clk 01:31:20]} {[%emt 00:00:04]} Nf6 {[%clk 01:31:19]}
{[%emt 00:00:10]} 3. e3 {[%clk 01:31:39]} {[%emt 00:00:10]} e6 {[%clk
01:31:41]} {[%emt 00:00:07]} 4. Nf3 {[%clk 01:31:48]} {[%emt 00:00:21]} c5
{[%clk 01:32:03]} {[%emt 00:00:10]} 5. c3 {[%clk 01:32:13]} {[%emt 00:00:05]}
c4 {[%clk 01:32:08]} {[%emt 00:00:25]} 6. Nbd2 {[%clk 01:32:22]} {[%emt
00:00:20]} Bd6 {[%clk 01:32:00]} {[%emt 00:00:38]} 7. Bxd6 {[%clk 01:32:25]}
{[%emt 00:00:27]} Qxd6 {[%clk 01:32:16]} {[%emt 00:00:08]} 8. Ne5 {[%clk
01:32:50]} {[%emt 00:00:10]} Nc6 {[%clk 01:32:32]} {[%emt 00:00:14]} 9. Ndf3
{[%clk 01:32:55]} {[%emt 00:00:23]} Ne4 {[%clk 01:32:47]} {[%emt 00:00:18]} 10.
Be2 {[%clk 01:32:46]} {[%emt 00:00:39]} f6 {[%clk 01:32:30]} {[%emt 00:00:47]}
11. Nxc6 {[%clk 01:33:00]} {[%emt 00:00:15]} bxc6 {[%clk 01:32:31]} {[%emt
00:00:29]} 12. Nd2 {[%clk 01:33:16]} {[%emt 00:00:15]} Nxd2 {[%clk 01:30:46]}
{[%emt 00:02:15]} 13. Qxd2 {[%clk 01:33:39]} {[%emt 00:00:07]} c5 {[%emt
00:00:46]} 14. O-O {[%clk 01:31:48]} {[%emt 00:01:49]} Rb8 {[%clk 01:31:03]}
{[%emt 00:00:29]} 15. Rab1 {[%clk 01:31:29]} {[%emt 00:00:48]} O-O {[%clk
01:30:43]} {[%emt 00:00:50]} 16. b3 {[%clk 01:31:26]} {[%emt 00:00:33]} Ba6
{[%clk 01:30:58]} {[%emt 00:00:16]} 17. bxc4 {[%clk 01:31:04]} {[%emt
00:00:51]} Bxc4 {[%clk 01:31:04]} {[%emt 00:00:24]} 18. Bxc4 {[%clk 01:31:21]}
{[%emt 00:00:13]} dxc4 {[%clk 01:31:26]} {[%emt 00:00:09]} 19. h3 {[%clk
01:31:28]} {[%emt 00:00:22]} e5 {[%clk 01:30:03]} {[%emt 00:01:54]} 20. Rfd1
{[%clk 01:30:10]} {[%emt 00:01:48]} Rfd8 {[%clk 01:30:25]} {[%emt 00:00:09]}
21. Rxb8 {[%clk 01:29:53]} {[%emt 00:03:06]} Rxb8 {[%clk 01:30:02]} {[%emt
00:02:37]} 22. dxe5 {[%clk 01:30:12]} {[%emt 00:00:37]} Qxd2 {[%clk 01:30:24]}
{[%emt 00:00:09]} 23. Rxd2 {[%clk 01:30:34]} {[%emt 00:00:07]} fxe5 {[%clk
01:30:42]} {[%emt 00:00:12]} 24. Rd5 {[%clk 01:30:07]} {[%emt 00:00:51]} Rb1
{[%clk 01:31:00]} {[%emt 00:00:18]} 25. Kh2 {[%clk 01:30:30]} {[%emt 00:00:07]}
Rc1 {[%clk 01:31:25]} {[%emt 00:00:05]} 26. Rxe5 {[%clk 01:30:49]} {[%emt
00:00:11]} Rxc3 {[%clk 01:31:41]} {[%emt 00:00:14]} 27. Rxc5 {[%clk 01:31:13]}
{[%emt 00:00:06]} Rc2 {[%clk 01:31:56]} {[%emt 00:00:16]} 28. Kg3 {[%clk
01:31:11]} {[%emt 00:00:30]} h6 {[%clk 01:32:07]} {[%emt 00:00:20]} 29. Rc7
{[%clk 01:31:27]} {[%emt 00:00:13]} a5 {[%clk 01:32:24]} {[%emt 00:00:14]} 30.
a3 {[%clk 01:31:13]} {[%emt 00:00:44]} Ra2 {[%clk 01:31:04]} {[%emt 00:01:51]}
31. Rxc4 {[%clk 01:31:34]} {[%emt 00:00:08]} Rxa3 {[%clk 01:31:28]} {[%emt
00:00:07]} 32. Rc8 {[%clk 01:31:57]} {[%emt 00:00:07]} Kf7 {[%clk 01:31:17]}
{[%emt 00:00:40]} 33. Ra8 {[%clk 01:32:19]} {[%emt 00:00:08]} Ke6 {[%clk
01:31:35]} {[%emt 00:00:12]} 34. Kf4 {[%clk 01:31:59]} {[%emt 00:00:49]} Kd5
{[%clk 01:31:18]} {[%emt 00:00:47]} 35. e4 {[%clk 01:32:17]} {[%emt 00:00:13]}
Kc6 {[%clk 01:31:14]} {[%emt 00:00:34]} 36. e5 {[%clk 01:32:22]} {[%emt
00:00:24]} Kb7 {[%clk 01:30:47]} {[%emt 00:00:58]} 37. e6 {[%clk 01:32:27]}
{[%emt 00:00:24]} Kxa8 {[%clk 01:29:23]} {[%emt 00:01:55]} 38. e7 {[%clk
01:32:44]} {[%emt 00:00:13]} Ra4 {[%clk 01:29:07]} {[%emt 00:00:47]} 39. Kf5
{[%clk 01:32:44]} {[%emt 00:00:22]} g6 {[%clk 01:27:38]} {[%emt 00:02:07]} 40.
Kxg6 {[%clk 01:32:40]} {[%emt 00:00:33]} Re4 {[%clk 01:27:57]} {[%emt
00:00:12]} 41. Kf7 {[%clk 01:32:50]} {[%emt 00:00:19]} Rxe7 {[%clk 01:28:08]}
{[%emt 00:00:18]} 42. Kxe7 {[%clk 01:32:37]} {[%emt 00:00:43]} a4 {[%clk
01:28:35]} {[%emt 00:00:04]} 43. f4 {[%clk 01:33:03]} {[%emt 00:00:04]} a3
{[%clk 01:29:00]} {[%emt 00:00:05]} 44. f5 {[%clk 01:33:29]} {[%emt 00:00:03]}
a2 {[%clk 01:29:29]} {[%emt 00:00:01]} 45. f6 {[%clk 01:33:54]} {[%emt
00:00:04]} a1=Q {[%clk 01:29:53]} {[%emt 00:00:06]} 46. f7 {[%clk 01:34:23]}
{[%emt 00:00:02]} Qe5 {[%clk 01:30:04]} {[%emt 00:00:18]} 47. Kd8 {[%clk
01:29:04]} {[%emt 00:05:49]} Qf6 {[%clk 01:30:16]} {[%emt 00:00:19]} 48. Ke8
{[%clk 01:29:27]} {[%emt 00:00:06]} Qe6 {[%clk 01:30:42]} {[%emt 00:00:04]} 49.
Kf8 {[%clk 01:29:51]} {[%emt 00:00:06]} Kb8 {[%clk 01:31:07]} {[%emt 00:00:05]}
50. Kg7 {[%clk 01:30:08]} {[%emt 00:00:13]} Qe7 {[%clk 01:31:29]} {[%emt
00:00:09]} 51. Kg8 {[%clk 01:30:28]} {[%emt 00:00:10]} Qg5 {[%clk 01:31:33]}
{[%emt 00:00:26]} 52. Kh7 {[%clk 01:30:23]} {[%emt 00:00:33]} Qf6 {[%clk
01:31:57]} {[%emt 00:00:08]} 53. Kg8 {[%clk 01:30:28]} {[%emt 00:00:08]} Qg6
{[%clk 01:32:25]} {[%emt 00:00:18]} 0-1